• 首页
  • 本馆介绍
  • 公告通知
  • 最新文献
  • 馆藏检索
  • 电子资源
  • 读者导购
  • 参考咨询
  • 我的图书馆
  • 登录
  • 详细信息显示
  • 放入我的书架
  • 预约/预借图书
  • 作者相关作品
  • 分类相关作品
  • 丛书相关作品
  • 出版社相关作品

书目信息

  • 表格格式
  • 工作单格式
  • 卡片格式
书名: The language of air travel in English
作者: Carol Akiyama.
分册号:
分册名:
出版地: New York :
 
出版社: Regents Pub. Co
出版时间: c1976.
页数: vi, 128 p. :
开本: c1976.
丛书名:
中图分类号:
科图分类号:
其他分类号: H31
主题词:
电子资源:
000 00669nam 2200217Ii 4500
001 E0738990016
005 20070131105357.93
008 040528s1976 nyua 000 0 eng d
035    @a2902632
040    @aIFA@cIFA@dNJG@dOCL@dOSU
090    @aJ688.4/W503
090    @aH31
099    @dH31@ex107
100 1  @aAkiyama, Carol.
245 14 @aThe language of air travel in English :@bin-flight services / @cCarol Akiyama.
260    @aNew York :@bRegents Pub. Co.,@cc1976.
300    @avi, 128 p. :@bill. ;@cc1976.
490 1  @aEnglish for careers.
650  0 @aAeronautics, Commercial@xTerminology.
830  0 @aEnglish for careers.
920    @a232010@z2
    
    The language of air travel in English : : in-flight services / / Carol Akiyama.-New York : : Regents Pub. Co., , c1976.
    vi, 128 p. : : ill. ; ; c1976.- (English for careers. )
    
    
    ISBN
    
●
相关链接 在E读中查询图书 在五车中查询图书 在当当中查询图书 在豆瓣中查询图书


正题名:language of air travel in English     索取号:H31/x107         预约/预借

序号 登录号 条形码 馆藏地/架位号 状态 备注
1 46732   001159285   第四借阅区/ [索取号:H31/x107] 在馆    
2 46733   001159249   第四借阅区/ [索取号:H31/x107] 在馆    
3 46734   001159276   第四借阅区/ [索取号:H31/x107] 在馆    
4 46735   001159301   第四借阅区/ [索取号:H31/x107] 在馆    
5 46736   001159294   第四借阅区/ [索取号:H31/x107] 在馆    
唐山师范学院图书馆 欢迎您!
大连网信软件有限公司© 版权所有